Normal view
MARC view
Entry Topical Term
001 - CONTROL NUMBER
- control field: 53595
003 - CONTROL NUMBER IDENTIFIER
- control field: dpl
005 - DATE AND TIME OF LATEST TRANSACTION
- control field: 20121115140937.0
008 - FIXED-LENGTH DATA ELEMENTS
- fixed length control field: 121115|||a|||||| | ||| d
040 ## - CATALOGING SOURCE
- Original cataloging agency: dpl
- Transcribing agency: dpl
150 ## - HEADING--TOPICAL TERM
- Topical term or geographic name as entry element: History
- Geographic subdivision: World
670 ## - SOURCE DATA FOUND
- Source citation: Work cat.: (dpl)60679: World history, 2006.
670 ## - SOURCE DATA FOUND
- Source citation: Work cat.: (dpl)60679: World history, 2006.
